Man in competition with the spruce budworm : an application of differential equations /

Bibliographic Details
Main Author: Tuchinsky, Philip M.
Format: Book
Language:English
Published: Boston : Birkhauser, [1981]
Series:UMAP expository monograph series.
Subjects:

MARC

Tag First Indicator Second Indicator Subfields
LEADER 00000cam a22000008a 4500
001 in00000082811
005 20151008054232.0
008 810717s1981 maua b 00010 eng
010 |a  81012212  
020 |a 3764330473 
035 |a (OCoLC)07653683 
035 |9 AAJ0051AM 
039 0 |a 2  |b 3  |c 3  |d 3  |e 3 
040 |a DLC  |c DLC  |d TXA  |d UtOrBLW 
049 |a TXAM  |c [1195865] 
050 0 0 |a SB945.S7  |b T82 
082 0 |a 634.9/7526781  |2 19 
100 1 |a Tuchinsky, Philip M. 
245 1 0 |a Man in competition with the spruce budworm :  |b an application of differential equations /  |c Philip M. Tuchinsky. 
263 |a 8108 
264 1 |a Boston :  |b Birkhauser,  |c [1981] 
264 4 |c ©1981 
300 |a viii, 77 pages :  |b illustrations ;  |c 24 cm. 
336 |a text  |b txt  |2 rdacontent 
337 |a unmediated  |b n  |2 rdamedia 
338 |a volume  |b nc  |2 rdacarrier 
490 1 |a The UMAP expository monograph series 
504 |a Bibliography: pages 62-65. 
650 0 |a Spruce budworm  |x Mathematical models. 
650 0 |a Differential equations. 
830 0 |a UMAP expository monograph series. 
999 |a MARS 
999 f f |s c33f3b19-5f80-3b06-afdb-53dae97abae6  |i 06aeedf7-5547-3a38-8992-83195a787e94  |t 0 
952 f f |p ric  |a Texas A&M University  |b Rellis Campus  |c Joint Library Facility  |d Remote Storage  |t 0  |e SB945.S7 T82  |h Library of Congress classification  |i unmediated -- volume  |m A14806237107 
998 f f |a SB945.S7 T82  |t 0  |l Remote Storage